Kỹ thuật đầu tư trực tiếp nước ngoài

Nội dung cuốn sách bao gồm những chỉ dẫn khoa học và hệ thống về kĩ thuật đầu tư trực tiếp nước ngoài.

Shranjeno v:
Bibliografske podrobnosti
Glavni avtor: Võ Thanh Thu
Drugi avtorji: Ngô Thị Ngọc Huyền, Nguyễn Cương
Format: Knjiga
Jezik:Vietnamese
Izdano: H. Thống Kê 2004
Teme:
Oznake: Označite
Brez oznak, prvi označite!
Thư viện lưu trữ: Thư viện Trường Đại học Nam Cần Thơ
LEADER 01171aam a22002298a 4500
001 NCT_21158
008 160713s2016 ||||||viesd
999 |c 1003  |d 1003 
020 |c 55000 
082 0 4 |2 23rd ed.  |a 332.673  |b Th500 
100 1 |a Võ Thanh Thu 
245 1 0 |a Kỹ thuật đầu tư trực tiếp nước ngoài  |c Võ Thanh Thu, Ngô Thị Ngọc Huyền và Nguyễn Cương 
260 |a H.  |b Thống Kê  |c 2004 
300 |a 442 tr.  |c 24 cm 
520 3 |a Nội dung cuốn sách bao gồm những chỉ dẫn khoa học và hệ thống về kĩ thuật đầu tư trực tiếp nước ngoài. 
653 |a Quản trị kinh doanh 
700 1 |a Ngô Thị Ngọc Huyền 
700 1 |a Nguyễn Cương 
942 |2 ddc  |c BK 
952 |0 0  |1 0  |2 ddc  |4 0  |6 332_673000000000000_TH500  |7 0  |9 11361  |a 000001  |b 000001  |d 2018-06-22  |o 332.673 Th500  |p MD.06439  |r 2018-06-22  |v 55000.00  |w 2018-06-22  |y BK 
952 |0 0  |1 0  |2 ddc  |4 0  |6 332_673000000000000_TH500  |7 0  |9 11362  |a 000001  |b 000001  |d 2018-06-22  |o 332.673 Th500  |p MD.06440  |r 2018-06-22  |v 55000.00  |w 2018-06-22  |y BK 
980 |a Thư viện Trường Đại học Nam Cần Thơ